000 00557nam a2200229Ia 4500
003 OSt
005 20221006145513.0
006 a|||||r|||| 00| 0
007 ta
008 221006b |||||||| |||| 00| 0 chi d
020 _c
_4.80
024 _a15,100
037 _bGift,
_cTextual
040 _aEASL
_cEASL
_bchi
041 _2chi
_achi
082 _aP41, J9
245 0 _aComplete letter writer
260 _aHong Kong
_bH K
_c1959
300 _a335p.
_ccm.
942 _hP41, J9
_cTEXL
_2CC
999 _c1083186
_d1083186